000 00799nam a22002777a 4500
001 BR7705453
003 BR-BrBNA
005 20230928085442.0
007 ta
008 230509b bl.||||| |||| 00| 0 por d
040 _aBR-BrBNA
_bpor
_cBiblioteca Nacional de Agricultura
041 _a(Por)
072 _aF22; F25
_b/G514
090 _ F22 BR7705453
100 1 _aCosta, C.V.
100 1 _aLeite, M.T.
110 1 _aEmpresa de Assistencia Tecnica e Extensao Rural do Estado de Goias, Goiania (Brasil)
245 1 _aComo retirar uma boa amostra de solo [analise do solo, Brasil]
260 3 _aGoiania, GO (Brasil):
_c1977.
300 _a12 p.
500 _a8 illus.
650 _aANALISE DO SOLO
650 _aQUIMICA DO SOLO
909 _a202309
_bLucia
_c55
_dLucia Elande
942 _cBK
999 _c24504
_d24504